[Event "Basel Easter op"]
[Site "Basel"]
[Date "2024.03.31"]
[Round "7"]
[White "Aguera Naredo, Javier"]
[Black "Deuber, Roman"]
[Result "1/2-1/2"]
[WhiteElo "2335"]
[BlackElo "2049"]
[PlyCount "79"]
[EventDate "2024.03.28"]
[EventType "swiss"]
[EventRounds "9"]
[EventCountry "SUI"]
[SourceTitle "CB14_2024"]
[SourceDate "2024.04.01"]
[SourceVersion "1"]
[SourceVersionDate "2024.04.01"]
[SourceQuality "1"]

1. e4 c5 2. Nf3 e6 3. Nc3 Nc6 4. d4 cxd4 5. Nxd4 Qc7 6. g3 a6 7. Bg2 Nf6 8. 0-0 Nxd4 9. Qxd4 Bc5 10. Bf4 d6 11. Qd2 h6 12. Rad1 e5 13. Be3 Bb4 14. Nb5 axb5 15. Qxb4 Rxa2 16. Rxd6 0-0 17. Rfd1 Qxc2 18. b3 Be6 19. R6d3 Ng4 20. Bb6 Ra1 21. Rxa1 Qxd3 22. Bf1 Qxb3 23. Qxb3 Bxb3 24. Bxb5 Nf6 25. f3 Rc8 26. Rb1 Be6 27. Rb2 Rc3 28. Kg2 Rb3 29. Rxb3 Bxb3 30. Bc7 Be6 31. Bxe5 Bd7 32. Bd3 Nh7 33. Kf2 Nf8 34. Ke3 Ne6 35. Bd6 h5 36. f4 g6 37. f5 Nd8 38. Bc7 Nc6 39. fxg6 fxg6 40. Bc4+ 1/2-1/2

[Event "Flims op"]
[Site "Flims"]
[Date "2023.07.10"]
[Round "2"]
[White "Ziegler, Philipp"]
[Black "Deuber, Roman"]
[Result "1-0"]
[WhiteElo "2171"]
[BlackElo "2051"]
[PlyCount "45"]
[EventDate "2023.07.09"]
[EventType "swiss"]
[EventRounds "5"]
[EventCountry "SUI"]
[SourceTitle "EXT 2024"]
[Source "ChessBase"]
[SourceDate "2023.10.10"]
[SourceVersion "1"]
[SourceVersionDate "2023.10.10"]
[SourceQuality "1"]

1. e4 c5 2. Nf3 e6 3. d3 d5 4. Nbd2 Nc6 5. g3 Nf6 6. Bg2 Be7 7. 0-0 0-0 8. Re1 b5 9. c3 a5 10. h4 Ba6 11. e5 Nd7 12. Nf1 Rb8 13. N1h2 Nb6 14. Ng4 b4 15. h5 h6 16. Bf4 Kh7 17. Qc2 a4 18. Bf1 Ra8 19. Qd2 Kg8 20. a3 bxa3 21. Rxa3 Na5 22. Bxh6 c4 23. Bxg7 1-0

[Event "Bern op"]
[Site "Bern"]
[Date "2023.05.18"]
[Round "2"]
[White "Deuber, Roman"]
[Black "Bauer, Christian"]
[Result "0-1"]
[WhiteElo "2029"]
[BlackElo "2592"]
[PlyCount "80"]
[EventDate "2023.05.18"]
[EventType "swiss"]
[EventRounds "7"]
[EventCountry "SUI"]
[SourceTitle "CBM 214 Extra"]
[Source "ChessBase"]
[SourceDate "2023.07.31"]
[SourceVersion "1"]
[SourceVersionDate "2023.07.31"]
[SourceQuality "1"]

1. d4 d6 2. e4 Nf6 3. Nc3 g6 4. f4 Bg7 5. Bd3 e5 6. Nf3 exd4 7. Nxd4 0-0 8. 0-0 Nc6 9. Nxc6 bxc6 10. h3 Re8 11. Re1 Rb8 12. Rb1 Nd7 13. Be3 c5 14. Qd2 Bb7 15. Bf2 Bc6 16. b3 Nf8 17. Nd5 Bb7 18. Bc4 c6 19. Nc3 Qa5 20. e5 d5 21. Bd3 Bc8 22. Rbd1 Ne6 23. f5 Nd4 24. f6 Bf8 25. Be3 Ne6 26. Na4 Qxd2 27. Rxd2 c4 28. Be2 d4 29. Bxd4 Bh6 30. Red1 Bxd2 31. Rxd2 Rd8 32. Be3 Rxd2 33. Bxd2 cxb3 34. cxb3 Nd4 35. Bc4 Be6 36. Bxe6 Nxe6 37. Be3 Rb5 38. Bxa7 Rxe5 39. b4 Re2 40. Nc3 Rc2 0-1

[Event "Flims op 9th"]
[Site "Flims"]
[Date "2020.10.11"]
[Round "4"]
[White "Deuber, Roman"]
[Black "Schellenberg, Simon"]
[Result "1-0"]
[WhiteElo "2083"]
[BlackElo "1572"]
[PlyCount "83"]
[EventDate "2020.10.09"]
[EventType "swiss"]
[EventRounds "5"]
[EventCountry "SUI"]
[SourceTitle "CBM 198 Extra"]
[Source "ChessBase"]
[SourceDate "2020.11.30"]
[SourceVersion "1"]
[SourceVersionDate "2020.11.30"]
[SourceQuality "1"]

1. d4 Nf6 2. c4 g6 3. Nf3 Bg7 4. g3 e6 5. Bg2 d5 6. 0-0 0-0 7. Qc2 c5 8. dxc5 Qe7 9. b3 Ne4 10. Bb2 Bxb2 11. Qxb2 Qxc5 12. Nbd2 Nxd2 13. Nxd2 Nc6 14. cxd5 exd5 15. e3 Be6 16. Rac1 Qd6 17. Rfd1 Rfd8 18. Ne4 Qe5 19. Qxe5 Nxe5 20. Nf6+ Kg7 21. Nxd5 Rac8 22. f4 Rxc1 23. Rxc1 Nc6 24. e4 Bxd5 25. exd5 Nb4 26. a3 Na6 27. b4 Rd7 28. Rc8 b6 29. Ra8 b5 30. Kf2 Kf6 31. Ke2 Ke7 32. Kd3 Kd6 33. Rh8 f5 34. Kd4 Nc7 35. h3 Na6 36. g4 fxg4 37. hxg4 Rf7 38. Rd8+ Kc7 39. Ra8 Rxf4+ 40. Ke5 Rxg4 41. d6+ Kd7 42. Bh3 1-0

[Event "Flims op 9th"]
[Site "Flims"]
[Date "2020.10.11"]
[Round "5"]
[White "Savic, Robert"]
[Black "Deuber, Roman"]
[Result "0-1"]
[WhiteElo "1913"]
[BlackElo "2083"]
[PlyCount "84"]
[EventDate "2020.10.09"]
[EventType "swiss"]
[EventRounds "5"]
[EventCountry "SUI"]
[SourceTitle "CBM 198 Extra"]
[Source "ChessBase"]
[SourceDate "2020.11.30"]
[SourceVersion "1"]
[SourceVersionDate "2020.11.30"]
[SourceQuality "1"]

1. d4 Nf6 2. c4 e6 3. g3 d5 4. Nf3 Bb4+ 5. Bd2 Be7 6. Bg2 0-0 7. Qc2 c6 8. 0-0 b6 9. b3 Nbd7 10. Rd1 Ba6 11. a4 c5 12. Na3 cxd4 13. Nxd4 Bxa3 14. Rxa3 Qe7 15. Qa2 Rac8 16. cxd5 Nxd5 17. Qa1 Rfd8 18. b4 Ne5 19. b5 Bb7 20. Rb3 Qf6 21. e4 Ne7 22. Bc3 Qg6 23. Bb4 Rd7 24. f4 Nc4 25. Bxe7 Rxe7 26. Nc6 Rec7 27. e5 Na5 28. Rbd3 h5 29. Rd8+ Rxd8 30. Rxd8+ Kh7 31. Qd1 Nxc6 32. Be4 Nxd8 33. Bxg6+ fxg6 34. Qd2 Nf7 35. h4 Nh6 36. Kf2 Ng4+ 37. Ke2 Be4 38. Qd6 Rc2+ 39. Ke1 Bf5 40. Qb8 Bd3 41. Qxa7 Ne3 42. Qxb6 Re2# 0-1

[Event "Flims op 9th"]
[Site "Flims"]
[Date "2020.10.10"]
[Round "2"]
[White "Deuber, Roman"]
[Black "Mutapcija, Osman"]
[Result "1-0"]
[WhiteElo "2083"]
[BlackElo "1670"]
[PlyCount "65"]
[EventDate "2020.10.09"]
[EventType "swiss"]
[EventRounds "5"]
[EventCountry "SUI"]
[SourceTitle "CBM 198 Extra"]
[Source "ChessBase"]
[SourceDate "2020.11.30"]
[SourceVersion "1"]
[SourceVersionDate "2020.11.30"]
[SourceQuality "1"]

1. d4 Nf6 2. c4 e6 3. Nc3 Bb4 4. Qc2 c5 5. dxc5 Bxc5 6. Nf3 d5 7. cxd5 Nxd5 8. Nxd5 Qxd5 9. e4 Bb4+ 10. Bd2 Bxd2+ 11. Nxd2 Qd8 12. Rd1 0-0 13. Nc4 Qc7 14. Bd3 e5 15. 0-0 Nc6 16. Ne3 Qa5 17. a3 Nd4 18. Qc3 Qd8 19. f4 f6 20. Bc4+ Kh8 21. fxe5 fxe5 22. Qb4 Bd7 23. Qd6 Re8 24. Rf7 Bc6 25. Qxd8 Raxd8 26. Bd5 a5 27. Bxc6 bxc6 28. Rdf1 Ne2+ 29. Kh1 Nf4 30. Nc4 Kg8 31. Rc7 Rd4 32. Rxc6 Rxe4 33. Nd6 1-0

[Event "Flims op 9th"]
[Site "Flims"]
[Date "2020.10.10"]
[Round "3"]
[White "Mamalis, Prokopios2222"]
[Black "Deuber, Roman"]
[Result "1-0"]
[WhiteElo "1846"]
[BlackElo "2083"]
[PlyCount "127"]
[EventDate "2020.10.09"]
[EventType "swiss"]
[EventRounds "5"]
[EventCountry "SUI"]
[SourceTitle "CBM 198 Extra"]
[Source "ChessBase"]
[SourceDate "2020.11.30"]
[SourceVersion "1"]
[SourceVersionDate "2020.11.30"]
[SourceQuality "1"]

1. e4 c5 2. Nc3 Nc6 3. Bb5 Nd4 4. Nf3 a6 5. Bd3 g6 6. Nxd4 cxd4 7. Ne2 Bg7 8. c3 dxc3 9. dxc3 Nf6 10. 0-0 0-0 11. h3 b6 12. Be3 Bb7 13. Ng3 d6 14. Qd2 Qc7 15. f4 Nd7 16. Bc2 Rad8 17. Qe2 Nc5 18. Kh2 Rfe8 19. Qg4 Nd7 20. Rad1 Bc8 21. Qe2 Bb7 22. Qg4 Bc8 23. Qe2 b5 24. a4 bxa4 25. Bxa4 Rf8 26. Bc2 Nc5 27. b4 Nd7 28. c4 Bb7 29. Bb3 a5 30. b5 Nc5 31. Bc2 Ra8 32. f5 a4 33. Qg4 Nd7 34. fxg6 hxg6 35. Qh4 Ne5 36. Bh6 Qxc4 37. Nf5 gxf5 38. Qg5 Ng6 39. Bxg7 Kxg7 40. Bd3 f6 41. Qxg6+ Kxg6 42. exf5+ Kh6 43. Bxc4 a3 44. Rd4 Ra4 45. Rh4+ Kg7 46. Rg4+ Kh8 47. Rff4 Rxc4 48. Rxc4 Bd5 49. Ra4 a2 50. Rg3 Bg8 51. Rh4+ Bh7 52. Ra3 Rb8 53. Rxa2 Rxb5 54. Re2 Rb7 55. Re3 d5 56. Rg3 d4 57. Rxd4 Bxf5 58. Rh4+ Bh7 59. Rg6 f5 60. Rgh6 e5 61. Rg6 Re7 62. Rg5 f4 63. Kg1 f3 64. gxf3 1-0

[Event "Flims op 9th"]
[Site "Flims"]
[Date "2020.10.09"]
[Round "1"]
[White "Koller, Nikita"]
[Black "Deuber, Roman"]
[Result "1/2-1/2"]
[WhiteElo "1535"]
[BlackElo "2083"]
[PlyCount "55"]
[EventDate "2020.10.09"]
[EventType "swiss"]
[EventRounds "5"]
[EventCountry "SUI"]
[SourceTitle "CBM 198 Extra"]
[Source "ChessBase"]
[SourceDate "2020.11.30"]
[SourceVersion "1"]
[SourceVersionDate "2020.11.30"]
[SourceQuality "1"]

1. e4 c5 2. Nf3 e6 3. d4 cxd4 4. Nxd4 Nc6 5. c4 Nf6 6. Nc3 Bb4 7. Qd3 0-0 8. a3 Bxc3+ 9. bxc3 d5 10. Nxc6 bxc6 11. e5 Ne4 12. Be3 Qa5 13. f3 Nc5 14. Bxc5 Qxc5 15. Qd4 Qa5 16. c5 f6 17. exf6 Rxf6 18. Qb4 Qc7 19. Be2 Rb8 20. Qd4 e5 21. Qe3 Rb2 22. 0-0 Be6 23. Bd3 Rh6 24. f4 exf4 25. Qxf4 Qxf4 26. Rxf4 Rf6 27. Rxf6 gxf6 28. Rb1 1/2-1/2

[Event "SUI-ch HT1 118th"]
[Site "Lenzerheide"]
[Date "2018.07.17"]
[Round "6"]
[White "Deveci, Sinan"]
[Black "Deuber, Roman"]
[Result "0-1"]
[WhiteElo "1943"]
[BlackElo "1998"]
[PlyCount "90"]
[EventDate "2018.07.12"]
[EventType "swiss"]
[EventRounds "9"]
[EventCountry "SUI"]
[SourceTitle "EXT 2019"]
[Source "ChessBase"]
[SourceDate "2018.10.10"]
[SourceVersion "1"]
[SourceVersionDate "2018.10.10"]
[SourceQuality "1"]

1. d4 Nf6 2. Nf3 e6 3. c4 b6 4. g3 Ba6 5. b3 Bb4+ 6. Bd2 Be7 7. Bg2 c6 8. Bc3 d5 9. Ne5 Nfd7 10. Nxd7 Nxd7 11. Nd2 0-0 12. 0-0 f5 13. cxd5 cxd5 14. Nf3 Qe8 15. Qd2 Nf6 16. Ng5 Ne4 17. Nxe4 fxe4 18. f3 exf3 19. Rxf3 Qg6 20. Qe3 Rac8 21. Rxf8+ Bxf8 22. Bh3 Rc6 23. a4 Qe4 24. Qd2 g6 25. Re1 Bh6 26. e3 Qd3 27. Qxd3 Bxd3 28. Bd2 Kf7 29. a5 Rc2 30. axb6 axb6 31. Bb4 Rc1 32. Kf2 Rc2+ 33. Kg1 Rb2 34. Bf1 Be4 35. Ba6 Rxb3 36. Bd2 Rb2 37. Bc3 Rg2+ 38. Kf1 Rxh2 39. Be2 Rh1+ 40. Kf2 Rh2+ 41. Kg1 Rg2+ 42. Kf1 Bxe3 43. Bb5 Rxg3 44. Ba1 Rg1+ 45. Ke2 Bf3+ 0-1

[Event "Zuerich op-A 41st"]
[Site "Zuerich"]
[Date "2017.12.28"]
[Round "4"]
[White "Akermann, Thomas"]
[Black "Deuber, Roman"]
[Result "1-0"]
[WhiteElo "2153"]
[BlackElo "2021"]
[PlyCount "69"]
[EventDate "2017.12.26"]
[EventType "swiss"]
[EventRounds "7"]
[EventCountry "SUI"]
[SourceTitle "EXT 2019"]
[Source "ChessBase"]
[SourceDate "2018.10.10"]
[SourceVersion "1"]
[SourceVersionDate "2018.10.10"]
[SourceQuality "1"]

1. c4 Nf6 2. Nc3 g6 3. g3 Bg7 4. Bg2 0-0 5. Nf3 d6 6. 0-0 e5 7. d3 Re8 8. Rb1 c6 9. e4 h6 10. d4 exd4 11. Nxd4 Nbd7 12. h3 a5 13. Re1 Nc5 14. Nb3 Ne6 15. Na1 h5 16. Be3 h4 17. g4 Nh7 18. Qd2 g5 19. Nb3 Be5 20. Na4 Bf4 21. Rbd1 Nf6 22. Bxf4 Nxf4 23. Qxd6 Qxd6 24. Rxd6 Nxg2 25. Kxg2 Be6 26. Nbc5 Re7 27. Nb6 Rf8 28. Re3 Ne8 29. Rd8 Nc7 30. Nxb7 Na6 31. Rxf8+ Kxf8 32. Nxa5 Nc5 33. b4 Nd7 34. Nxd7+ Rxd7 35. Nxc6 1-0

[Event "SUI-ch 117th"]
[Site "Graechen"]
[Date "2017.07.15"]
[Round "3"]
[White "Bounlom, Jannik"]
[Black "Deuber, Roman"]
[Result "0-1"]
[WhiteElo "1816"]
[BlackElo "2015"]
[PlyCount "50"]
[EventDate "2017.07.13"]
[EventType "swiss"]
[EventRounds "9"]
[EventCountry "SUI"]
[SourceTitle "EXT 2019"]
[Source "ChessBase"]
[SourceDate "2018.10.10"]
[SourceVersion "1"]
[SourceVersionDate "2018.10.10"]
[SourceQuality "1"]

1. e4 c5 2. Nf3 d6 3. d4 cxd4 4. Nxd4 Nf6 5. Nc3 a6 6. Bg5 e6 7. Qd2 Nbd7 8. 0-0-0 Qc7 9. f4 Be7 10. Be2 b5 11. Bf3 Bb7 12. Rhe1 Rc8 13. a3 Nb6 14. Bxf6 Nc4 15. Qd3 Bxf6 16. e5 dxe5 17. Ndxb5 axb5 18. Nxb5 Qe7 19. b3 Nxa3 20. Nd6+ Qxd6 21. Qe2 Bxf3 22. gxf3 Rxc2+ 23. Qxc2 Nxc2 24. Rxd6 Nxe1 25. Ra6 0-0 0-1

[Event "SUI-chB"]
[Site "Flims"]
[Date "2012.07.12"]
[Round "1"]
[White "Botta, Gabriele"]
[Black "Deuber, Roman"]
[Result "1-0"]
[WhiteElo "2334"]
[BlackElo "2032"]
[PlyCount "107"]
[EventDate "2012.07.12"]
[EventType "swiss"]
[EventRounds "9"]
[EventCountry "SUI"]
[SourceTitle "CBM 149 Extra"]
[Source "ChessBase"]
[SourceDate "2012.08.24"]
[SourceVersion "1"]
[SourceVersionDate "2012.08.24"]
[SourceQuality "1"]

1. e4 c5 2. Nf3 Nc6 3. c3 d5 4. exd5 Qxd5 5. d4 Nf6 6. Be2 Bg4 7. 0-0 e6 8. Be3 cxd4 9. cxd4 Be7 10. Nc3 Qd6 11. Qd2 0-0 12. Rac1 a6 13. Rfd1 Rac8 14. Bf4 Qb4 15. a3 Qb6 16. b4 Rfd8 17. Be3 Nd5 18. Na4 Qc7 19. Ne5 Bxe2 20. Qxe2 Nxe3 21. Qxe3 Qd6 22. Nc4 Qc7 23. Nab6 Rb8 24. d5 exd5 25. Nxd5 Qd7 26. Nf6+ Bxf6 27. Rxd7 Rxd7 28. g3 Rbd8 29. Re1 g6 30. Kg2 Rd3 31. Qf4 Kg7 32. Ne3 Rxa3 33. Ng4 Bb2 34. Rb1 Bd4 35. b5 axb5 36. Rxb5 h5 37. Rxb7 Rf8 38. Rc7 hxg4 39. Rxc6 Ba7 40. Rc7 Kg8 41. Rc2 Ra8 42. Qxg4 Bb6 43. h4 Ra2 44. Qe2 Rxc2 45. Qxc2 Re8 46. f4 Re6 47. f5 gxf5 48. Qxf5 Kg7 49. h5 Be3 50. g4 Rf6 51. Qe4 Re6 52. Qd5 Bc1 53. g5 Ra6 54. Qc4 1-0

[Event "Samnaun HT1"]
[Site "Samnaun"]
[Date "2004.07.11"]
[Round "4"]
[White "Lehmann, Andreas"]
[Black "Deuber, Roman"]
[Result "1-0"]
[WhiteElo "2117"]
[BlackElo "2121"]
[PlyCount "47"]
[EventDate "2004.07.08"]
[EventType "swiss"]
[EventRounds "9"]
[EventCountry "SUI"]
[SourceTitle "EXT 2005"]
[Source "ChessBase"]
[SourceDate "2004.11.15"]
[SourceVersion "1"]
[SourceVersionDate "2004.11.15"]
[SourceQuality "1"]

1. e4 c5 2. c3 d5 3. exd5 Qxd5 4. d4 Nf6 5. Nf3 Bg4 6. Be2 e6 7. 0-0 Nc6 8. Be3 cxd4 9. cxd4 Be7 10. Nc3 Qd6 11. h3 Bh5 12. Qb3 0-0 13. Rfd1 Rfd8 14. Ne5 Bxe2 15. Nxe2 Nxe5 16. dxe5 Qxe5 17. Qxb7 Nd5 18. Nc3 Bd6 19. Nxd5 exd5 20. g3 Rab8 21. Qxd5 Qxb2 22. Bxa7 Rb5 23. Qd3 Rg5 24. Rab1 1-0

[Event "Zuerich op-B 26th"]
[Site "Zuerich"]
[Date "2002.??.??"]
[Round "5"]
[White "Keller, Felix"]
[Black "Deuber, Roman"]
[Result "0-1"]
[WhiteElo "1940"]
[BlackElo "1826"]
[PlyCount "104"]
[EventDate "2002.12.26"]
[EventType "swiss"]
[EventRounds "7"]
[EventCountry "SUI"]
[SourceTitle "EXT 2019"]
[Source "ChessBase"]
[SourceDate "2018.10.10"]
[SourceVersion "1"]
[SourceVersionDate "2018.10.10"]
[SourceQuality "1"]

1. d4 Nf6 2. c4 e6 3. Nf3 b6 4. Nc3 Bb7 5. e3 Be7 6. Bd3 d5 7. cxd5 exd5 8. 0-0 0-0 9. b3 Nbd7 10. Bb2 Ne4 11. Rc1 Ndf6 12. Qc2 Nxc3 13. Qxc3 c5 14. Bb1 Ba6 15. Rfe1 Rc8 16. dxc5 bxc5 17. Qe5 Re8 18. Ng5 Qc7 19. Qf5 g6 20. Qf3 Qd6 21. e4 dxe4 22. Bxe4 h6 23. Rcd1 Qb6 24. Nh3 Nxe4 25. Qxe4 Bf6 26. Qxe8+ Rxe8 27. Rxe8+ Kg7 28. Bxf6+ Qxf6 29. Red8 Be2 30. R8d6 Qc3 31. Rb1 Bd3 32. Rd1 Be2 33. Rb1 Qc2 34. Re1 Qxa2 35. Nf4 Bb5 36. Rdd1 Qxb3 37. h3 Qc4 38. Ne2 Qh4 39. Ng3 a6 40. Re4 Qf6 41. Rde1 a5 42. Re5 Qd6 43. h4 a4 44. h5 a3 45. hxg6 Kxg6 46. Nf5 Qd2 47. Nh4+ Kh7 48. Re7 a2 49. Rxf7+ Kg8 50. Rfe7 Qc3 51. Nf5 a1Q 52. Nxh6+ Kh8 0-1